| 000 | 00501nam a2200121Ia 4500 | ||
|---|---|---|---|
| 008 | 160712s9999 xx 000 0 und d | ||
| 100 | _aGarcia, Esther S. | ||
| 245 |
_cEsther S. Garcia _aBest Friend / And the Two Shall be One / Mother and Child (Barrio Scene) / Mother Nature: Mother and Child / Summer Vacation / Back to School |
||
| 260 |
_c2011 _bReview of Women's Studies |
||
| 300 | _avol. 21 no. 2 | ||
| 650 | _xWOMEN | ||
| 856 | _uhttp://journals.upd.edu.ph/index.php/rws/issue/view/440/showToc | ||
| 999 |
_c297699 _d297699 |
||